000 00723nam a2200181Ia 4500
008 151202s9999||||xx |||||||||||||| ||und||
082 _bPNVM-35329
100 _aसातवळेकर वसंत.
245 _aपुरुषार्थ: जाने. ते डिसें.1983.
260 _bपुरुषार्थ स्वायाय मंडळ पारडी.
260 _c0
300 _a346
600 _aसातवळेकर वसंत.
630 _aपुरुषार्थ: जाने. ते डिसें.1983.
700 _aसातवळेकर वसंत.
730 _aपुरुषार्थ: जाने. ते डिसें.1983.
942 _cBOOK
999 _c1301285
_d1301282